000 00433nam a2200181Ia 4500
001 10671
005 20260306161849.0
008 260306t1952||||xx |||||||||||||| ||spa||
041 _aESP
082 _a946.055
_bC28
100 _aCarpio, María Josefa
_eAUT
245 0 _aEspaña y los últimos Estuardos
260 _c1952
300 _a314 páginas :
_c20 cm.
650 _aGEN
654 _aCHU
942 _cLIB
_dJUS
_fJUS
_2ddc
_n
999 _c10671
_d10671